| 000 | 01350cam a2200361Ma 4500 | ||
|---|---|---|---|
| 001 | 72416 | ||
| 005 | 20230410105323.0 | ||
| 008 | 080627s2008 fr b 001 0 fre d | ||
| 035 | _a(OCoLC)ocn465986221 | ||
| 040 |
_aUAB _bfre _cUAB _dZWZ |
||
| 020 | _a9782707154613 | ||
| 020 | _a270715461X | ||
| 029 | 1 |
_aZWZ _b124757979 |
|
| 035 | _a(OCoLC)465986221 | ||
| 050 | 1 | 4 |
_aH 8 _bC697 |
| 100 | 1 |
_aRawls, John, _d1921-2002. |
|
| 240 | 1 | 0 |
_aLectures on the history of moral philosophy. _lFranócais |
| 245 | 1 | 0 |
_aLeócons sur l'histoire de la philosophie morale / _cJohn Rawls ; traduit de l'anglais (états-Unis) par Marc Saint-Upéry et Bertrand Guillarme ; préface de Bertrand Guillarme. |
| 260 |
_aParis : _bLa Découverte, _c2008. |
||
| 300 |
_a376 p. ; _c19 cm. |
||
| 490 | 1 |
_aCollection Découverte Poche ; _vn. 282 |
|
| 504 | _aComprend des réf. bibliogr. et un index. | ||
| 534 |
_pTraduit de l'anglais: _cHarvard university press, 2000, _tLectures on the history of moral philosophy. |
||
| 650 | 6 |
_aMorale _y17e siáecle. |
|
| 650 | 6 |
_aMorale _y18e siáecle. |
|
| 650 | 6 |
_aMorale _y19e siáecle. |
|
| 650 | 7 |
_aMorale _xHistoire. _2ram |
|
| 730 | 0 | _aCollection Découverte Poche. | |
| 830 | 0 |
_aCollection Déouverte Poche / Sciences humaines et sociales ; _vn. 282 |
|
| 942 |
_2lcc _cbk |
||
| 946 | _amjcruz | ||
| 994 |
_aC0 _bDRFGD |
||
| 999 |
_c34335 _d34335 |
||